书目信息 |
| 题名: |
图解通信
|
|
| 作者: | 伊落...[等] 著 ;何晨 译 | |
| 分册: | ||
| 出版信息: | 北京 科学出版社 2000.01 |
|
| 页数: | 198页 | |
| 开本: | 20cm | |
| 丛书名: | OHM电子电气入门丛书 | |
| 单 册: | ||
| 中图分类: | TN-51 | |
| 科图分类: | ||
| 主题词: | 通信技术--图解 | |
| 电子资源: | ||
| ISBN: | 7-03-008216-8 | |
| 000 | 00672nam0 2200229 45 | |
| 001 | 0104051086 | |
| 005 | 20031219104049.3 | |
| 010 | @a7-03-008216-8@dCNY19.00 | |
| 100 | @a20010405d2000 km y0chiy0120 ea | |
| 101 | 0 | @achi |
| 105 | @a z 000yy | |
| 200 | 1 | @a图解通信@ATu Jie Tong Xin@f(日)伊落...[等]著@F(Ri)Yi Luo...[Deng]Zhu@g何晨译 |
| 210 | @a北京@c科学出版社@d2000.01 | |
| 215 | @a198页@d20cm | |
| 225 | @aOHM电子电气入门丛书 | |
| 410 | @12001 @aOHM电子电气入门丛书 | |
| 606 | 0 | @a通信技术@x图解 |
| 690 | @aTN-51@v1 | |
| 701 | 0 | @a伊落...[等]@4著 |
| 702 | 0 | @a何晨@AHe Chen@4译 |
| 801 | @aCN@bTSTC@c20010514 | |
| 905 | @a213230@f5@b296310-314@dTN-51@e91:12 | |
| 图解通信/(日)伊落...[等]著/何晨译.-北京:科学出版社,2000.01 |
| 198页;20cm.-(OHM电子电气入门丛书) |
| ISBN 7-03-008216-8:CNY19.00 |
| ● |
| 相关链接 |
|
|
|
|
正题名:图解通信
索取号:TN-51/91:12
 
预约/预借
| 序号 | 登录号 | 条形码 | 馆藏地/架位号 | 状态 | 备注 |
| 1 | 0296310 | 002963109 | 第三借阅区/ [索取号:TN-51/91:12] | 在馆 | |
| 2 | 0296311 | 002963118 | 第三借阅区/ [索取号:TN-51/91:12] | 在馆 | |
| 3 | 0296312 | 002963127 | 第三借阅区/ [索取号:TN-51/91:12] | 在馆 | |
| 4 | 0296313 | 002963136 | 第三借阅区/ [索取号:TN-51/91:12] | 在馆 | |
| 5 | 0296314 | 002963145 | 第二样本阅览室/ [索取号:TN-51/91:12] | 在馆 |